000 00577cam a2200217 4500
001 D5576
008 090401t1982 xxu||||| |||| 00| 0 eng d
035 _a(Sirsi) u57003
041 _aeng
050 _a346.410434
_c18
100 _aHill, Harold Arthur
245 _aHill and Redman's law of landlord and tenant Vols 1 and 2
250 _a17th ed
260 _aLondon
_bButterworths
_c1982
300 _a2v. 25cm
350 _a95
520 _aKept up to date by a loose-leaf service volume R231820
700 _aBarnes, Michael
942 _n0
948 _c04/03/1997
999 _c93873
_d93873